000 00918nam a2200265 a 4500
001 25937
003 CO-ViMGA
005 20230915232139.0
008 141112s2004 ck r 000 u spa d
020 _a9788473568777
040 _aCO-ViMGA
_bspa
_cCO-ViMGA
082 0 4 _a658.45 R64r
100 1 _aRojas Orduña, Octavio Isaac.
_940471
245 1 0 _aRelaciones públicas :
_bla eficacia de la influencia /
_cOctavio Isaac Rojas Orduña.
250 _a3a. ed. revisada y actualizada.
260 _aMadrid :
_bESIC,
_c2012.
300 _a371 p. : il ; 24 cm.
490 _aLibros profesionales de empresa
500 _aGlosario p. 367 - 376.
504 _aIncluye bibliografías.
650 1 4 _aRelaciones públicas.
942 _2ddc
_cBK
949 _an n
999 _c33174
_d33174